Gestión diaria del hospital (Registro nro. 5214)

Detalles MARC
000 -CABECERA
campo de control de longitud fija 01589nam a2200361 4500
001 - NÚMERO DE CONTROL
campo de control bimo0001018248
003 - IDENTIFICADOR DEL NÚMERO DE CONTROL
campo de control SpMaBN
005 - FECHA Y HORA DE LA ÚLTIMA TRANSACCIÓN
campo de control 20210427102759.0
008 - DATOS DE LONGITUD FIJA--INFORMACIÓN GENERAL
campo de control de longitud fija 981019s1998 sp | ||| ||spa
016 7# - NÚMERO DE CONTROL DE UNA AGENCIA BIBLIOGRÁFICA NACIONAL
Número de control del registro bimoBNE19982659664
Fuente SpMaBN
017 ## - NÚMERO DE COPYRIGHT O DE DEPÓSITO LEGAL
Número de copyright o de depósito legal B 18209-1998
Agencia que asigna Oficina Depósito Legal Barcelona
020 ## - NÚMERO INTERNACIONAL ESTÁNDAR DEL LIBRO
Número Internacional Estándar del Libro 8445806793
035 ## - NÚMERO DE CONTROL DEL SISTEMA
Número de control de sistema (OCoLC)432095051
040 ## - FUENTE DE LA CATALOGACIÓN
Centro catalogador/agencia de origen SpMaBN
Centro/agencia transcriptor AR-RoIUNI
080 ## - NÚMERO DE LA CLASIFICACIÓN DECIMAL UNIVERSAL
Número de la Clasificación Decimal Universal 614.21 ASE
245 10 - MENCIÓN DE TÍTULO
Título Gestión diaria del hospital
Mención de responsabilidad, etc. director, Miguel Ángel Asenjo Sebastián ; codirectores, Lluís Bohigas Santasusagna, Andreu Prat Marín ; secretario de redacción, Antoni Trilla García
260 ## - PUBLICACIÓN, DISTRIBUCIÓN, ETC. (PIE DE IMPRENTA)
Lugar de publicación, distribución, etc. Barcelona
Nombre del editor, distribuidor, etc. Masson
Fecha de publicación, distribución, etc. [1998]
300 ## - DESCRIPCIÓN FÍSICA
Extensión 615 p.
Otras características físicas gráf.
Dimensiones 21 cm.
440 #0 - MENCIÓN DE SERIE/PUNTO DE ACCESO ADICIONAL--TÍTULO
Título Colección de planificación y gestión sanitaria
650 17 - PUNTO DE ACCESO ADICIONAL DE MATERIA--TÉRMINO DE MATERIA
Término de materia o nombre geográfico como elemento inicial Hospitales
Subdivisión general Administración
Fuente del encabezamiento o término embne
650 10 - PUNTO DE ACCESO ADICIONAL DE MATERIA--TÉRMINO DE MATERIA
Término de materia o nombre geográfico como elemento inicial Administración
9 (RLIN) 460
700 1# - PUNTO DE ACCESO ADICIONAL--NOMBRE DE PERSONA
Nombre de persona Asenjo Sebastián, Miguel-Ángel
942 ## - ELEMENTOS DE PUNTO DE ACCESO ADICIONAL (KOHA)
Fuente del sistema de clasificación o colocación Clasificación Decimal Universal
Tipo de ítem Koha Libros
956 ## - LOCALIZACIÓN Y ACCESO ELECTRÓNICOS LOCAL (OCLC)
Nombre del host 2
980 ## - EQUIVALENCIA O REFERENCIA-CRUZADA-MENCIÓN DE SERIE--NOMBRE DE PERSONA/TÍTULO [LOCAL, CANADÁ]
Nombre de persona B 18209-1998
-- 84-458-0679-3
-- M-BN
Numeración BNALCALA
Calificador de atribución 10/81248
Títulos y otros términos asociados al nombre ALCALA
980 ## - EQUIVALENCIA O REFERENCIA-CRUZADA-MENCIÓN DE SERIE--NOMBRE DE PERSONA/TÍTULO [LOCAL, CANADÁ]
Nombre de persona B 16470-1999
-- 84-458-0679-3
-- M-BN
Numeración BNALCALA
Calificador de atribución AHM/438283
Títulos y otros términos asociados al nombre SALA_ALC
980 ## - EQUIVALENCIA O REFERENCIA-CRUZADA-MENCIÓN DE SERIE--NOMBRE DE PERSONA/TÍTULO [LOCAL, CANADÁ]
Nombre de persona B 16470-1999
-- 84-458-0679-3
-- M-BN
Numeración BNALCALA
Calificador de atribución AHM/438284
Títulos y otros términos asociados al nombre SALA_ALC
980 ## - EQUIVALENCIA O REFERENCIA-CRUZADA-MENCIÓN DE SERIE--NOMBRE DE PERSONA/TÍTULO [LOCAL, CANADÁ]
Nombre de persona B 49708-2000
-- 84-458-0679-3
-- M-BN
Numeración BNALCALA
Calificador de atribución AHM/485083
Títulos y otros términos asociados al nombre SALA_ALC
980 ## - EQUIVALENCIA O REFERENCIA-CRUZADA-MENCIÓN DE SERIE--NOMBRE DE PERSONA/TÍTULO [LOCAL, CANADÁ]
Nombre de persona B 49708-2000
-- 84-458-0679-3
-- M-BN
Numeración BNALCALA
Calificador de atribución AHM/530654
Títulos y otros términos asociados al nombre SALA_ALC
980 ## - EQUIVALENCIA O REFERENCIA-CRUZADA-MENCIÓN DE SERIE--NOMBRE DE PERSONA/TÍTULO [LOCAL, CANADÁ]
Nombre de persona B 18209-1998
-- 84-458-0679-3
-- M-BN
Numeración BNALCALA
Calificador de atribución DL/856461
Títulos y otros términos asociados al nombre CONSERVACI
980 ## - EQUIVALENCIA O REFERENCIA-CRUZADA-MENCIÓN DE SERIE--NOMBRE DE PERSONA/TÍTULO [LOCAL, CANADÁ]
Nombre de persona B 16470-1999
-- 84-458-0679-3
-- M-BN
Numeración BNALCALA
Calificador de atribución DL/939881
Títulos y otros términos asociados al nombre CONSERVACI
980 ## - EQUIVALENCIA O REFERENCIA-CRUZADA-MENCIÓN DE SERIE--NOMBRE DE PERSONA/TÍTULO [LOCAL, CANADÁ]
Nombre de persona B 49708-2000
-- 84-458-0679-3
-- M-BN
Numeración BNALCALA
Calificador de atribución DL/1027544
Títulos y otros términos asociados al nombre CONSERVACI
Existencias
Estado de retiro Estado de pérdida Fuente del sistema de clasificación o colocación Estado dañado Excepción de préstamo Código de colección Localización permanente Ubicación/localización actual Ubicación en estantería Fecha de adquisición Número de inventario Total de préstamos Signatura topográfica completa Código de barras Fecha visto por última vez Precio válido a partir de Tipo de ítem Koha
    Clasificación Decimal Universal     Medicina BIBLIOTECA CENTRAL BIBLIOTECA CENTRAL BIBLIOTECA CENTRAL 27/04/2021 6861   614.21 ASE 6861 27/04/2021 27/04/2021 Libros